000 01042nam a2200277Ia 4500
003 OSt
005 20221005111603.0
006 a|||||r|||| 00| 0
007 ta
008 221004b |||||||| |||| 00| 0 hin d
020 _a9789350004975 (hbk)
_c200
024 _a14853
037 _b335, 20/03/2014, Vani Prakashan
_cTextual
040 _aCRL
_cCRL
_bhin
041 _2hin
_ahin
082 _aO157,3M76,18, 152P8
100 _aचट्टोपाध्याय, शरत्चन्द्र
245 0 _aदेवदास
246 _aDevadāsa
260 _aनई दिल्ली
_b्वाणी प्रकाशन भारत
_c2011
300 _a128पृ0
_ccm.
650 _aबंगाली साहित्य
700 _a सत्यकाम, अनु.
942 _hO157,3M76,18, 152P8
_cTEXL
_2cc
999 _c1022263
_d1022263